Statistics for Longest Uninterrupted Democracies

Click here to take the quiz!

General Stats

  • This quiz has been taken 30,002 times
    (29,723 since last reset)
  • The average score is 19 of 26

Answer Stats

YearCountry% Correct
1781United States
99%
1688United Kingdom / England
98%
1945France
95%
1867Canada
91%
1809Sweden
88%
1901Australia
87%
1945Norway
87%
1945Italy
85%
1917Finland
83%
1934Mexico
83%
1945Denmark
82%
1945Netherlands
81%
1945Belgium
80%
1907New Zealand
80%
1848Switzerland
79%
1922Ireland
70%
1945Luxembourg
68%
1946Iceland
66%
1862Liechtenstein
58%
1910South Africa
57%
1866Andorra
55%
1945San Marino
55%
1945Monaco
53%
1948Israel
45%
1948Costa Rica
20%
1947Sri Lanka
11%

Score Distribution

Percentile by Number Answered

Percent of People with Each Score

Your Score History

You have not taken this quiz since the last reset